Vítězství nad temnotou /

Hlavní autor: Anderson, Neil T., 1942-
Jazyk: Čeština
Vydáno: Praha : Návrat domů, 1995
Vydání: 1. vyd.
Témata:
Fyzický popis: 172 s. ; 21 cm
Knihy
Uloženo v:
LEADER 01291nam a2200409 a 4500
001 000032604
003 CZ BrMZK
005 20220106102837.0
007 ta
008 010907s1995 xr e cze d
015 |a cnb000109663 
020 |a 80-85495-46-5 
040 |a BOA001  |b cze 
041 1 |a cze  |h eng 
080 |a 159.955  |2 MRF 
080 |a 274/279-184.3  |2 MRF 
080 |a 27-4  |2 MRF 
080 |a 27-584.5  |2 MRF 
080 |a 27-58-472  |2 MRF 
080 |a 274/278-1/-9  |2 MRF 
080 |a (049)  |2 MRF 
100 1 |a Anderson, Neil T.,  |d 1942-  |7 xx0000577  |4 aut 
245 1 0 |a Vítězství nad temnotou /  |c Neil T. Anderson 
250 |a 1. vyd. 
260 |a Praha :  |b Návrat domů,  |c 1995 
300 |a 172 s. ;  |c 21 cm 
650 0 7 |a řešení problémů  |7 ph137287  |2 czenas 
650 0 7 |a evangelická víra  |7 ph120040  |2 czenas 
650 0 7 |a křesťanský život  |7 ph122132  |2 czenas 
650 0 7 |a duchovní cesta  |7 ph119626  |2 czenas 
650 0 7 |a duchovní vedení  |7 ph119638  |2 czenas 
650 0 7 |a protestantské učení  |7 ph307587  |2 czenas 
655 7 |a pojednání  |7 fd133056  |2 czenas 
765 0 |t Victory over the Darkness 
910 |a BOA001  |b 2-1012.302 
990 |a BK 
996 6 |b 2610025342  |c 2-1012.302  |l MZK  |r Sklad / do 1 hodiny  |n 14  |p p.v.  |w 000032604  |u 000010  |a 1  |e BOA001  |j MZK50  |s P